Ballon d'or winners - Statistics

General Stats
  • This quiz has been taken 27 times
  • The average score is 21 of 25
Answer Stats
Hint Answer % Correct
2008 Cristiano Ronaldo
100%
2013 Cristiano Ronaldo
100%
2014 Cristiano Ronaldo
100%
2016 Cristiano Ronaldo
100%
2017 Cristiano Ronaldo
100%
2009 Lionel Messi
100%
2010 Lionel Messi
100%
2011 Lionel Messi
100%
2012 Lionel Messi
100%
2015 Lionel Messi
100%
2019 Lionel Messi
100%
2021 Lionel Messi
100%
2023 Lionel Messi
100%
2022 Karim Benzema
95%
2024 Rodri
95%
2018 Luka Modrić
86%
2005 Ronaldinho
77%
2007 Kaká
73%
2006 Fabio Cannavaro
64%
2004 Andriy Shevchenko
50%
2000 Luis Figo
50%
2001 Michael Owen
50%
2003 Pavel Nedvěd
45%
2020 COVID
36%
2002 Ronaldo nazario
36%
No matching quizzes found
Score Distribution
Percent of People with Each Score
Percentile by Number Answered
Your Score History
You have not taken this quiz